| 000 | 00878nam a2200205 a 4500 | ||
|---|---|---|---|
| 003 | 0 | ||
| 005 | 20250514094425.0 | ||
| 008 | 021107s19uu xx 00 eng d | ||
| 050 |
_aPGS QC 879.6 _b.L979 2002 |
||
| 100 | _ade Luzuriaga, Brian Anthony R. | ||
| 245 |
_aPerceptions and awareness of grade 6 students of Southville International School on ozone layer depletion / _cBrian Anthony R. de Luzuriaga. |
||
| 260 |
_aLas PiƱas City, Philippines : _bSouthville International School and Colleges, _c2002. |
||
| 300 |
_a31 pages : _billustrations ; _c28 cm. |
||
| 504 | _aIncludes bibliographical references. | ||
| 650 |
_aOzone layer depletion _vStudy and teaching (Elementary). |
||
| 650 |
_aOzone layer depletion _vEnvironmental aspects. |
||
| 650 |
_aEnvironmental education _vElementary education. |
||
| 650 |
_aSixth grade (Education) _vAttitudes. |
||
| 942 |
_2lcc _cPASS |
||
| 999 |
_c96614 _d96614 |
||